000 00791nam a2200241 4500
001 2724547
003 ARRUPE
005 20150114113818.0
008 720104s1971 nyua b 001 0 eng
010 _a 77164477
040 _aDLC
_cDLC
_dDLC
050 0 0 _aQC174.1
_b.E44
082 0 0 _a530.1/2
100 1 _aEisenbud, Leonard.
_913864
245 1 4 _aThe conceptual foundations of quantum mechanics.
260 _aNew York,
_bPublished for the Commission on College Physics [by] Van Nostrand Reinhold
_c[1971]
300 _axii, 148 p.
_billus.
_c21 cm.
490 0 _aVan Nostrand Reinhold momentum book no. 24
504 _aIncludes bibliographical references.
650 0 _aQuantum theory.
_913865
906 _a7
_bcbc
_corignew
_d2
_encip
_f19
_gy-gencatlg
942 _2lcc
_cMONOGRAPH
999 _c121637
_d121637